Extension of the Periods for Consent to and Payment of Quota Increase.

On June 27, 2018, the IMF's Executive Board approved a further six-month extension of the period for members to consent to an increase in their quotas under the Fourteenth General Review of Quotas ('Fourteenth Review') through December 28, 2018. The deadline was due to expire on June...

وصف كامل

التفاصيل البيبلوغرافية
مؤلف مشترك: International Monetary Fund. Finance Dept
التنسيق: دورية
اللغة:English
منشور في: Washington, D.C. : International Monetary Fund, 2018.
سلاسل:Policy Papers; Policy Paper ; No. 2018/038
الموضوعات:
الوصول للمادة أونلاين:Full text available on IMF
LEADER 02148cas a2200313 a 4500
001 AALejournalIMF019239
008 230101c9999 xx r poo 0 0eng d
020 |c 5.00 USD 
020 |z 9781498310697 
022 |a 2663-3493 
040 |a BD-DhAAL  |c BD-DhAAL 
110 2 |a International Monetary Fund.  |b Finance Dept. 
245 1 0 |a Extension of the Periods for Consent to and Payment of Quota Increase. 
264 1 |a Washington, D.C. :  |b International Monetary Fund,  |c 2018. 
300 |a 1 online resource (5 pages) 
490 1 |a Policy Papers 
500 |a <strong>Off-Campus Access:</strong> No User ID or Password Required 
500 |a <strong>On-Campus Access:</strong> No User ID or Password Required 
506 |a Electronic access restricted to authorized BRAC University faculty, staff and students 
520 3 |a On June 27, 2018, the IMF's Executive Board approved a further six-month extension of the period for members to consent to an increase in their quotas under the Fourteenth General Review of Quotas ('Fourteenth Review') through December 28, 2018. The deadline was due to expire on June 29, 2018. However, Board of Governors Resolution No. 66-2 provides that the Executive Board may extend the period for consent as it may determine. An extension under Resolution No. 66-2 also extends the periods of consent for quota increases under the 2008 Reform of Quota and Voice (Resolution No. 63-2) and the Eleventh General Review of Quotas (Resolution No. 53-2). The Executive Board also approved a further six-month extension of the period for payment of quota increases under the Fourteenth Review, and an extension for the payment of the quota increases under the 2008 Reform, through December 28, 2018. 
538 |a Mode of access: Internet 
650 7 |a Deadline  |2 imf 
650 7 |a Payment Of Quota  |2 imf 
650 7 |a Payment Period  |2 imf 
650 7 |a PP  |2 imf 
650 7 |a Quota Payment  |2 imf 
651 7 |a Syrian Arab Republic  |2 imf 
830 0 |a Policy Papers; Policy Paper ;  |v No. 2018/038 
856 4 0 |z Full text available on IMF  |u http://elibrary.imf.org/view/journals/007/2018/038/007.2018.issue-038-en.xml  |z IMF e-Library